Jeremy Renner Filmography - Statistics

General Stats
  • This quiz has been taken 184 times
    35 since last reset
  • The average score is 24 of 78
Answer Stats
Type Year Name % Correct
Film 2012 The Avengers
100%
Film 2019 Avengers: Endgame
94%
Film 2015 Avengers: Age of Ultron
89%
Web Mini-Series 2021 Hawkeye
89%
Film 2011 Thor
83%
Film 2016 Captain America: Civil War
78%
TV Show 2012 Saturday Night Live
72%
Film 2008 The Hurt Locker
72%
Film 2016 Arrival
61%
Film 2010 The Town
61%
Film 2025 Wake Up Dead Man
56%
Film 2017 Wind River
56%
Film 2013 American Hustle
50%
Film 2018 Tag
50%
Film 2012 The Bourne Legacy
50%
Web Series 2021, 2023 What If...?
50%
Film 2007 28 Weeks Later
44%
Film 2002 Dahmer
39%
Web Series 2021-Present Mayor of Kingstown
39%
Film 2015 Mission: Impossible - Rogue Nation
39%
Film 2017 The House
39%
Film 2019 Arctic Dogs
33%
Film 2013 Hansel & Gretel: Witch Hunters
33%
TV Show 2007 House
33%
Film 2011 Mission: Impossible - Ghost Protocol
33%
Film 2003 S.W.A.T.
33%
TV Show 2001 CSI: Crime Scene Investigation
28%
Film 2014 Kill the Messenger
28%
Film 2002 Monkey Love
28%
Film 1995 National Lampoon's Senior Trip
28%
Film 2005 Neo Ned
28%
Web Series 2023 Rennervations
28%
Film 2013 The Immigrant
28%
TV Show 2009 The Unusuals
28%
Film 2005 12 and Holding
22%
TV Film 1996 A Friend's Betrayal
22%
Film 2005 A Little Trip to Heaven
22%
TV Show 2000 Angel
22%
TV Film 1997 A Nightmare Come True
22%
Film 2021 Back Home Again
22%
TV Show 1995 Deadly Games
22%
Film 2001 Fish in a Barrel
22%
Film 2009 Ingenious
22%
Film 2005 Lords of Dogtown
22%
TV Show 2014 Louie
22%
Film 2006 Love Comes to the Executioner
22%
Film 2005 North Country
22%
Film 1996 Paper Dragons
22%
TV Show 2011 Robot Chicken
22%
TV Show 1996 Strange Luck
22%
Film 2007 Take
22%
Film 2007 The Assassination of Jesse James by the Coward Robert Ford
22%
Film 2004 The Heart Is Deceitful Above All Things
22%
TV Show 2002 The It Factor
22%
TV Show 1999 The Net
22%
Documentary Series 2014 The World Wars
22%
TV Show 1999 Time of Your Life
22%
TV Show 1998 To Have & to Hold
22%
Video Game 2004 Catwoman: The Game
11%
Commercial 2019 Jeep
11%
TV Show 2008 The Oaks
11%
Music Video 2003 Trouble
11%
Music Video 2024 Wait
11%
Commercial 2002 7-Eleven
6%
Commercial 2000 Aquafina
6%
Film 2018 Arctic Justice: Thunder Squad
6%
Commercial 1998 Bud Light
6%
TV Show 2018 Carpool Karaoke
6%
Commercial 2000 Coors Light
6%
Commercial 2000 Duracell
6%
Documentary Mini-Series 2023 Incredible Animal Journeys
6%
TV Special 2023 Jeremy Renner: The Diane Sawyer Interview - A Story of Terror, Survival and Triumph
6%
Commercial 2001 Kia
6%
Commercial 1996 Kodak
6%
TV Documentary 2017 Mosquito
6%
Commercial 2015, 2017 Rémy Martin
6%
TV Show 2016 The Grand Tour
6%
TV Pilot 1999 Zoe, Duncan, Jack and Jane
6%
No matching quizzes found
Score Distribution
Percent of People with Each Score
Percentile by Number Answered
Your Score History
You have not taken this quiz since the last reset